BCIS surveys of tender prices (Record no. 102976)
[ view plain ]
| 000 -LEADER | |
|---|---|
| fixed length control field | 02506cam a2200517 4500 |
| 001 - CONTROL NUMBER | |
| control field | J123000 |
| 008 - FIXED-LENGTH DATA ELEMENTS--GENERAL INFORMATION | |
| fixed length control field | 030714n1998 000 0 eng u |
| 022 ## - INTERNATIONAL STANDARD SERIAL NUMBER | |
| International Standard Serial Number | 1357-2326 |
| 035 ## - SYSTEM CONTROL NUMBER | |
| System control number | (Sirsi) u123000 |
| 041 ## - LANGUAGE CODE | |
| Language code of text/sound track or separate title | eng |
| 050 ## - LIBRARY OF CONGRESS CALL NUMBER | |
| Classification number | 690.23 |
| -- | 18 |
| 110 ## - MAIN ENTRY--CORPORATE NAME | |
| Corporate name or jurisdiction name as entry element | Building Cost Information Service |
| 9 (RLIN) | 1096 |
| 245 ## - TITLE STATEMENT | |
| Title | BCIS surveys of tender prices |
| 260 ## - PUBLICATION, DISTRIBUTION, ETC. | |
| Place of publication, distribution, etc. | London |
| Name of publisher, distributor, etc. | BCIS |
| Date of publication, distribution, etc. | 1998- |
| 490 ## - SERIES STATEMENT | |
| Series statement | BCIS Bulletin Service |
| 490 ## - SERIES STATEMENT | |
| Series statement | BCIS Surveys of Tender Prices |
| 505 ## - FORMATTED CONTENTS NOTE | |
| Formatted contents note | Executive summary |
| 505 ## - FORMATTED CONTENTS NOTE | |
| Formatted contents note | Building costs, preliminaries and dayworks |
| 505 ## - FORMATTED CONTENTS NOTE | |
| Formatted contents note | Contract precentages : prelimaries - all project (quarterly), size of contact (quarterly), size of contract (annual) ; profit additions - nominated sub-contactors, nominated suppliers, daywork labour, daywork materials, daywork plant |
| 505 ## - FORMATTED CONTENTS NOTE | |
| Formatted contents note | £/sq m prices : new build ; rehabilitation/conversion |
| 505 ## - FORMATTED CONTENTS NOTE | |
| Formatted contents note | Functional prices |
| 505 ## - FORMATTED CONTENTS NOTE | |
| Formatted contents note | Pricing adjustment factors : location - Northern, Yorkshire and Humberside, East Midlands, East Anglia, South East, Greater London, South West, West Midlands, North West, Wales, Scotland, Northern Ireland, Channel Islands ; size of contract ; procurement ; type of work ; number of storeys ; building type |
| 505 ## - FORMATTED CONTENTS NOTE | |
| Formatted contents note | Notes and definitions |
| 520 ## - SUMMARY, ETC. | |
| Summary, etc. | Quarterly publication consisting of analyses of current pricing levels. Prices are included from the BCIS survey of average building prices. Values are expressed in £/sq m of gross internal floor area and are adjusted to current prices using the BCIS indices. Functional prices are also included for various building types. Contains studies of cost differentials by size of contract, location and type of work, as well as the result of a survey of the percentages added for Preliminaries, Dayworks and sub-contract work. Filed in "BCIS bulletin service" Binder 1. |
| 650 ## - SUBJECT ADDED ENTRY--TOPICAL TERM | |
| Topical term or geographic name entry element | BUILT ENVIRONMENT-BUILDING COSTS |
| 650 ## - SUBJECT ADDED ENTRY--TOPICAL TERM | |
| Topical term or geographic name entry element | CHANNEL ISLANDS |
| 650 ## - SUBJECT ADDED ENTRY--TOPICAL TERM | |
| Topical term or geographic name entry element | CONTRACT PERCENTAGES |
| 650 ## - SUBJECT ADDED ENTRY--TOPICAL TERM | |
| Topical term or geographic name entry element | DAYWORK RATES |
| 650 ## - SUBJECT ADDED ENTRY--TOPICAL TERM | |
| Topical term or geographic name entry element | EAST ANGLIA |
| 650 ## - SUBJECT ADDED ENTRY--TOPICAL TERM | |
| Topical term or geographic name entry element | EAST MIDLANDS |
| 650 ## - SUBJECT ADDED ENTRY--TOPICAL TERM | |
| Topical term or geographic name entry element | HUMBERSIDE |
| 650 ## - SUBJECT ADDED ENTRY--TOPICAL TERM | |
| Topical term or geographic name entry element | LONDON |
| 650 ## - SUBJECT ADDED ENTRY--TOPICAL TERM | |
| Topical term or geographic name entry element | NORTHERN ENGLAND |
| 650 ## - SUBJECT ADDED ENTRY--TOPICAL TERM | |
| Topical term or geographic name entry element | NORTHERN IRELAND |
| 650 ## - SUBJECT ADDED ENTRY--TOPICAL TERM | |
| Topical term or geographic name entry element | NORTHWEST ENGLAND |
| 650 ## - SUBJECT ADDED ENTRY--TOPICAL TERM | |
| Topical term or geographic name entry element | PRELIMINARIES |
| 650 ## - SUBJECT ADDED ENTRY--TOPICAL TERM | |
| Topical term or geographic name entry element | PROCUREMENT METHODS |
| 650 ## - SUBJECT ADDED ENTRY--TOPICAL TERM | |
| Topical term or geographic name entry element | SCOTLAND |
| 650 ## - SUBJECT ADDED ENTRY--TOPICAL TERM | |
| Topical term or geographic name entry element | SOUTHEAST ENGLAND |
| 650 ## - SUBJECT ADDED ENTRY--TOPICAL TERM | |
| Topical term or geographic name entry element | SOUTHWEST ENGLAND |
| 650 ## - SUBJECT ADDED ENTRY--TOPICAL TERM | |
| Topical term or geographic name entry element | WALES |
| 650 ## - SUBJECT ADDED ENTRY--TOPICAL TERM | |
| Topical term or geographic name entry element | WEST MIDLANDS |
| 650 ## - SUBJECT ADDED ENTRY--TOPICAL TERM | |
| Topical term or geographic name entry element | YORKSHIRE |
| 690 ## - LOCAL SUBJECT ADDED ENTRY--TOPICAL TERM (OCLC, RLIN) | |
| Topical term or geographic name as entry element | BUILT ENVIRONMENT-BUILDING COSTS |
| 942 ## - ADDED ENTRY ELEMENTS (KOHA) | |
| Suppress in OPAC | 0 |
No items available.